000 00406nam a2200169Ia 4500
008 090711s9999 xx 000 0 und d
082 _b43334
100 _aकीर गिरिजा
245 _aदंश
260 _c1981
300 _a90
600 _aकीर गिरिजा
630 _aदंश
700 _aकीर गिरिजा
730 _aदंश
942 _cBOOK
999 _c295744
_d295744